| 000 -LEADER |
| fixed length control field |
00679nam a22001937a 4500 |
| 008 - FIXED-LENGTH DATA ELEMENTS--GENERAL INFORMATION |
| fixed length control field |
131104b xxu||||| |||| 00| 0 alb d |
| 041 0# - LANGUAGE CODE |
| Language code of text/sound track or separate title |
alb |
| -- |
srb |
| -- |
eng |
| 080 ## - UNIVERSAL DECIMAL CLASSIFICATION NUMBER |
| Universal Decimal Classification number |
330.34.01 |
| Common auxiliary subdivision |
(035) |
| 100 ## - Rafti |
| Rafti |
Preçi, Zef |
| 245 10 - TITLE STATEMENT |
| Title |
Metodologjia për hartimin e planit strategjik të zhvillimit social - ekonomik të komunës / |
| Statement of responsibility, etc |
Zef Preçi. |
| 260 ## - |
| -- |
Prishtinë : |
| -- |
Litografia ; |
| -- |
2007 |
| 300 ## - |
| -- |
63 f. : |
| -- |
me il. ; |
| -- |
20 cm. |
| 500 ## - |
| -- |
Temat e konferencës : f. 8 |
| 500 ## - |
| -- |
Në vend të hyrjes : f. 9 |
| 500 ## - |
| -- |
Selected bibliography = [Bibliografia e zgjedhur] : f. 62 |
| 650 ## - |
| -- |
Zhvillimi ekonomik |
| 650 ## - |
| -- |
Planifikimi i zhvillimit social |
| 942 ## - ADDED ENTRY ELEMENTS (KOHA) |
| Source of classification or shelving scheme |
|
| Item type |
Books |